01013nam a22002537a 4500008004100000020001500041020001800056082002300074245011200097250001200209260004400221300003100265650005100296650006000347650005500407653002100462700002800483700002800511700002900539700002900568942001200597999001700609952013300626130924s2012 enkill |r|||| 001 0 eng d a0230425801 a9780230425804 a428.24bIEL TR222 aIELTS Foundation :bTeacher's Book /cRachael Roberts , Joanne Gakonga , Andrew Preshous , Joanne Preshous. a2nd ed. aOxford : bMacmillan Education, c2012 a176 p. : bill. ; c28 cm. 98449aEnglish languagev-- Problems, exercises 943aEnglish language vTextbooks for foreign speakers.  935aInternational English Language Testing System. bENGcOctober2013 aRoberts, Rachael933729 aGakonga, Joanne.933730 aPreshous, Andrew.933731 aPreshous, Joanne.933930 2ddccBB c17605d17577 00102ddc40708BaccahaMAINbMAINc2NDd2013-10-08epurchasel1o428.24 IEL TRp000029295r2025-07-15 00:00:00s2017-06-22yTR